Guild Contest trial Quiz Stats

 Plays Quiz not verified by Sporcle

Challenge
Share
Tweet
Embed
Score 0/6 Timer 02:00
0 Plays Today
Question Answer % Correct
At what level is Archangle available for summon?200
83.3%
What effect does the magic wallet have?10
83.3%
How many jewels does it take to special combine 2 infinites?1100
66.7%
What is the Dark Elder+'s name?Uber Baal
66.7%
What quest area within completion gives you the heroes armor?Ancient Relic
50%
What tier reward does the lvl 100 dungeon give for rank A?Legend
50%

You're not logged in!

Compare scores with friends on all Sporcle quizzes.
Join for Free
OR
Log In

You Might Also Like...

Show Comments

Extras

Created May 28, 2014ReportNominate
Tags:contest, guild

Top Quizzes Today


Score Distribution

Your Account Isn't Verified!

In order to create a playlist on Sporcle, you need to verify the email address you used during registration. Go to your Sporcle Settings to finish the process.

Report this User

Report this user for behavior that violates our Community Guidelines.

Details: